000 00597cam a22002053a 4500
001 39114
003 PGUSA
005 20140828083851.0
008 120312s2012||||xxu|||||s|||||000 | eng d
040 _aPGUSA
_beng
042 _adc
100 1 _aDoesticks, Q. K. Philander,
_d1831-1875
245 1 0 _aDoesticks, What He Says
_h[electronic resource] /
_cQ. K. Philander Doesticks
260 _bProject Gutenberg,
_c2012
506 _aPublic domain in the USA.
516 _aElectronic text
830 0 _aProject Gutenberg
_v39114
856 4 0 _uhttp://www.gutenberg.org/ebooks/39114
942 _cEB
999 _c268367
_d268367